00472nam a22001577a 4500003000400000082001800004100001800022245006300040260002600103300000700129650002500136653001100161942001200172952011300184999001700297SGT a617.643bC24S aSharma, Mansi aCaries prevalence and pattern in primary dentition period  bSGT University c2024 a67 aPediatric Dentistry  aMDS LD 2ddccTH 00102ddc4071aFDbFDcREFd2024-10-15iSGTUl0o617.643 C24SpDT2174r2024-10-15 00:00:00w2024-10-15yTH c27162d27162